Tratado sobre conciliacion / (Registro nro. 34007)

Detalles MARC
000 -LEADER
fixed length control field 01433nam a2200325 4500
001 - CONTROL NUMBER
control field 0000021075
003 - CONTROL NUMBER IDENTIFIER
control field CO-CtgCURN
005 - DATE AND TIME OF LATEST TRANSACTION
control field 20250429223956.0
007 - PHYSICAL DESCRIPTION FIXED FIELD--GENERAL INFORMATION
fixed length control field ta
008 - FIXED-LENGTH DATA ELEMENTS--GENERAL INFORMATION
fixed length control field 160627s2004 000 0 eng d
020 ## - INTERNATIONAL STANDARD BOOK NUMBER
International Standard Book Number 9586906647
040 ## - CATALOGING SOURCE
Original cataloging agency CO-CtgCURN
Language of cataloging spa
Transcribing agency coctgcurn
082 0# - DEWEY DECIMAL CLASSIFICATION NUMBER
Classification number 347.09
Item number C17t
100 1# - MAIN ENTRY--PERSONAL NAME
Personal name Castaño García, José Ignacio.
245 10 - TITLE STATEMENT
Title Tratado sobre conciliacion /
Statement of responsibility, etc. José Ignacio Castaño García.
260 ## - PUBLICATION, DISTRIBUTION, ETC.
Place of publication, distribution, etc. Bogotá :
Name of publisher, distributor, etc. Leyer,
Date of publication, distribution, etc. 2004.
300 ## - PHYSICAL DESCRIPTION
Extent xii, 410 p.
336 ## - CONTENT TYPE
Source rdacontent
337 ## - MEDIA TYPE
Source rdamedia
Media type term sin mediacion
Media type code n
338 ## - CARRIER TYPE
Source rdacarrier
Carrier type term volumen
Carrier type code nc
500 ## - GENERAL NOTE
General note Incluye indice \ En materia civil, laboral, contencioso administrativo y familia; conciliacion para casos de violacion de derechos humanos. Conciliacion en derecho judicial, extrajudicial, como requisito de procedibilidad y en equidad. Manual del conciliador.
505 8# - FORMATTED CONTENTS NOTE
Formatted contents note Conciliacion en derecho -- Conciliacion en equidad -- Conciliacion para casos de violacon de derecho humanos -- Manual de conciliador -- Relacion normativa
650 14 - SUBJECT ADDED ENTRY--TOPICAL TERM
Topical term or geographic name entry element Conciliacion
Form subdivision Legislacion.
908 ## - PUT COMMAND PARAMETER (RLIN)
Put command parameter 160627
942 ## - ADDED ENTRY ELEMENTS (KOHA)
Koha item type Libros
Classification part 347.09
Item part C17t
Source of classification or shelving scheme Dewey Decimal Classification
Existencias
Withdrawn status Lost status Source of classification or shelving scheme Damaged status Not for loan Collection Home library Current library Shelving location Date acquired Inventory number Total checkouts Full call number Barcode Date last seen Copy number Price effective from Koha item type Public note
    Dewey Decimal Classification     General Miguel Henríquez Castañeda Miguel Henríquez Castañeda General 04/29/2025 005607   347.09 C17t 005607 04/29/2025 ej.1 04/29/2025 Libros 340-DEREC
    Dewey Decimal Classification     General Miguel Henríquez Castañeda Miguel Henríquez Castañeda General 04/29/2025 005605   347.09 C17t 005605 04/29/2025 ej.2 04/29/2025 Libros 340-DEREC
    Dewey Decimal Classification     General Miguel Henríquez Castañeda Miguel Henríquez Castañeda General 04/29/2025 005606   347.09 C17t 005606 04/29/2025 ej.3 04/29/2025 Libros 340-DEREC
    Dewey Decimal Classification     General Miguel Henríquez Castañeda Miguel Henríquez Castañeda General 04/29/2025 005604   347.09 C17t 005604 04/29/2025 ej.4 04/29/2025 Libros 340-DEREC